000 00285nam a2200109Ia 4500
005 20251222114342.0
008 251222s1900||||xx |||||||||||||| ||spa||
082 _aDVD0090/C33/2006
245 0 _aCasa del niño y de la niña Santa Bernardita
264 _bCastillejo, Cristian
942 _cDVD
999 _c895
_d895